Harpy Hare- Yaelokre - Statistics

General Stats
  • This quiz has been taken 77 times
  • The average score is 149 of 172
Answer Stats
Answer % Correct
all
100%
All
100%
buried
100%
children?
100%
(Ha,ha,ha)
100%
Ha,ha,ha x4
100%
Ha,ha,ha x8
100%
Hare,
100%
Harpy
100%
have
100%
I
100%
me
100%
say
100%
say)
100%
say x2
100%
so
100%
Tell
100%
tell
100%
where
100%
you
100%
You
100%
your
100%
and
96%
the
96%
They
93%
will
93%
away
89%
can't
89%
die
89%
keep
89%
Mother,
89%
(Mother,
89%
them
89%
afraid
85%
be
85%
run
85%
safe
85%
fight
81%
in
81%
that
78%
caged
74%
arrows
67%
head
67%
inside
67%
you've
67%
broken
63%
Like
63%
She
63%
stories
63%
to
63%
hid
59%
eager
56%
half,
56%
heart
56%
now
56%
stolen
56%
walls
56%
you're
56%
ceilings
52%
starry
52%
stay
52%
bum
48%
curtains
48%
fly
48%
Forest
48%
(La-la-la,
48%
la-la-la,
48%
la-la-la)
48%
Split
48%
was
44%
Barren
41%
far
41%
weaving
37%
We'll
37%
They'll
33%
No matching quizzes found
Score Distribution
Percent of People with Each Score
Percentile by Number Answered
Your Score History
You have not taken this quiz